حق التأليف في الدعوة الإسلامية / (رقم التسجيلة. 94457)

تفاصيل مارك
000 -الفاتح
عناصر البيانات ثابتة الطول 00741cam a2200205 i 4500
005 - تاريخ ووقت آخر معاملة
حقل ضبط 20251117101937.0
008 - عناصر البيانات ثابتة الطول
عناصر البيانات ثابتة الطول 250721s2002 jo gr 000 0 ara d
020 ## - الترقيم الدولي المعياري للكتب (ردمك)
الترقيم الدولي المعياري للكتب (ردمك) 99570500990
082 14 - رقم تصنيف ديوي العشري
رقم التصنيف 210.42346048
رقم المادة ه ل ا
100 1# - مدخل رئيسي – اسم شخصي
الاسم الشخصي أبو هلالة، يوسف محيي الدين
علاقة الشخص بالعمل/ دوره مؤلف.
245 10 - بيان العنوان
العنوان حق التأليف في الدعوة الإسلامية /
بيان المسؤولية تأليف د. يوسف محيى الدين ابو هلالة.
250 ## - بيان الطبعة
بيان الطبعة الطبعة الأولى.
264 31 - بيانات النشر، التوزيع…إلخ
مكان النشر، التوزيع...إلخ عمان :
اسم الناشر، الموزع...إلخ جامعة الحسين للنشر،
تاريخ النشر، التوزيع...إلخ 2002.
300 ## - الوصف المادي
عدد الوحدات المكونة للوعاء 160صفحة.
650 17 - مدخل إضافي بالموضوع - مصطلح موضوعي
مصطلح موضوعي أو اسم جغرافي كعنصر مدخل الدعوة الإسلامية.
650 17 - مدخل إضافي بالموضوع - مصطلح موضوعي
مصطلح موضوعي أو اسم جغرافي كعنصر مدخل التأليف.
650 17 - مدخل إضافي بالموضوع - مصطلح موضوعي
مصطلح موضوعي أو اسم جغرافي كعنصر مدخل حقوق النشر.
942 ## - بيانات إضافية (كوها)
نوع التنصيف Dewey Decimal Classification
نوع المادة (كوها) كتب
المقتنيات
حالة السحب حالة الفقدان مصدر التصنيف حالة التلف غير قابل للإعارة المكتبة الرئيسية المكتبة الحالية موقع الرف تاريخ التزويد الرقم المتسلسل Total Checkouts رقم الإستدعاء الباركود تاريخ آخر ظهور تاريخ الفاتورة نوع المادة (كوها)
    Dewey Decimal Classification     المكتبة المركزية المكتبة المركزية الإعارة 28/07/2025 572346   210.42346048 / ه ل ا 572346 28/07/2025 28/07/2025 كتب
    Dewey Decimal Classification     مكتبة أم قصير والمقابلين العامة مكتبة أم قصير والمقابلين العامة الإعارة 28/07/2025 572368   210.42346048/هلا 572368 28/07/2025 28/07/2025 كتب
    Dewey Decimal Classification   Not For Loan مكتبة صويلح العامة مكتبة صويلح العامة الإعارة 28/07/2025 572359   210.42346048/هلا 572359 28/07/2025 28/07/2025 كتب
Implemented & Customized by: BBB with SCIT (Smart Chains for Information Technology)

Powered by Koha